Ядерная техника, разработка и автоматизация технологий топливного ядерного цикла; Известия Томского политехнического университета [Известия ТПУ]; Т. 303, вып. 1

التفاصيل البيبلوغرافية
Parent link:Известия Томского политехнического университета [Известия ТПУ]/ Томский политехнический университет (ТПУ).— , 2000-
Т. 303, вып. 1.— 2000.— [С. 44-54]
المؤلف الرئيسي: Андреев Г. Г. Генрих Георгиевич
مؤلفون آخرون: Бойко В. И. Владимир Ильич
الملخص:Заглавие с титульного листа
Электронная версия печатной публикации
Рассмотрены научно-технические направления, разрабатываемые на физико-техническом факультете Томского политехнического университета для предприятий ядерно-топливного цикла. Изложены физико-химические и технологические основы интенсификации процессов отдельных стадий производства гексафторида урана, безводного фтористого водорода, элементного фтора, фторидов галогенов и редких металлов. Приведены результаты исследований по применению ультразвука для рафинирования металлического урана и плутония, а также дезактивации технологического оборудования. Отмечены основные результаты исследований по разработке новых методов разделения изотопов и использованию плазменных технологий в процессе изготовления ядерного топлива. Даны сведения о разработке систем контроля, диагностики и автоматического управления физическими и технологическими объектами.
اللغة:الروسية
منشور في: 2000
الموضوعات:
الوصول للمادة أونلاين:http://www.lib.tpu.ru/fulltext/v/Bulletin_TPU/2000/v303/i1/04.pdf
التنسيق: الكتروني فصل الكتاب
KOHA link:https://koha.lib.tpu.ru/cgi-bin/koha/opac-detail.pl?biblionumber=162517

MARC

LEADER 00000nla2a2200000 4500
001 162517
005 20231031160413.0
035 |a (RuTPU)RU\TPU\book\176262 
035 |a RU\TPU\book\176259 
090 |a 162517 
100 |a 20090623d2000 k y0rusy50 ca 
101 0 |a rus 
102 |a RU 
135 |a drnn ---uucaa 
181 0 |a i  
182 0 |a b 
200 1 |a Ядерная техника, разработка и автоматизация технологий топливного ядерного цикла  |b Электронный ресурс  |f Г. Г. Андреев, В. И. Бойко 
203 |a Текст  |c электронный 
215 |a 1 файл (1.7 Мб) 
230 |a Электронные текстовые данные (1 файл : 1.7 Мб) 
300 |a Заглавие с титульного листа 
300 |a Электронная версия печатной публикации 
330 |a Рассмотрены научно-технические направления, разрабатываемые на физико-техническом факультете Томского политехнического университета для предприятий ядерно-топливного цикла. Изложены физико-химические и технологические основы интенсификации процессов отдельных стадий производства гексафторида урана, безводного фтористого водорода, элементного фтора, фторидов галогенов и редких металлов. Приведены результаты исследований по применению ультразвука для рафинирования металлического урана и плутония, а также дезактивации технологического оборудования. Отмечены основные результаты исследований по разработке новых методов разделения изотопов и использованию плазменных технологий в процессе изготовления ядерного топлива. Даны сведения о разработке систем контроля, диагностики и автоматического управления физическими и технологическими объектами. 
337 |a Adobe Reader 
461 1 |0 (RuTPU)RU\TPU\book\176237  |t Известия Томского политехнического университета [Известия ТПУ]  |f Томский политехнический университет (ТПУ)  |d 2000- 
463 1 |0 (RuTPU)RU\TPU\book\176238  |t Т. 303, вып. 1  |o тематический выпуск  |f под ред. Ю. П. Похолкова; В. Я. Ушакова  |v [С. 44-54]  |d 2000  |p 324 с. 
610 1 |a ядерная техника 
610 1 |a ядерно-топливный цикл 
610 1 |a гексафторид урана 
610 1 |a фтористый водород 
610 1 |a фториды 
610 1 |a ультразвук 
610 1 |a технологическое оборудование 
610 1 |a дезактивация 
610 1 |a изотопы 
610 1 |a разделение 
610 1 |a плазменные технологии 
610 1 |a ядерное топливо 
610 1 |a изготовление 
610 1 |a системы контроля 
610 1 |a системы автоматизированного управления 
610 1 |a системы диагностики 
610 1 |a технологические объекты 
610 1 |a труды учёных ТПУ 
610 1 |a электронный ресурс 
610 1 |a уран 
610 1 |a галогены 
610 1 |a редкие металлы 
700 1 |a Андреев  |b Г. Г.  |c российский физико-химик  |c профессор Томского политехнического университета  |f 1934-  |g Генрих Георгиевич  |2 stltpush  |3 (RuTPU)RU\TPU\pers\12446  |4 070 
701 1 |a Бойко  |b В. И.  |c российский физик-ядерщик, доктор физико-математических наук  |c профессор Томского политехнического университета  |f 1943-  |g Владимир Ильич  |2 stltpush  |3 (RuTPU)RU\TPU\pers\21949  |4 070 
801 1 |a RU  |b 63413507  |c 20090623  |g PSBO 
801 2 |a RU  |b 63413507  |c 20210317  |g PSBO 
856 4 |u http://www.lib.tpu.ru/fulltext/v/Bulletin_TPU/2000/v303/i1/04.pdf 
942 |c CF